000 01023cam a22002894a 4500
001 16289241
003 OSt
005 20170105102902.0
008 100617s2011 enka b 001 0 eng
010 _a 2010024492
020 _a9780415499392 (hardcover)
040 _aDLC
_cDLC
_dDLC
050 0 0 _aGV721.5
_b.T475 2011
082 0 0 _a796.48
_222
_bTER 2011
245 0 0 _aTerrorism and the Olympics :
_bmajor event security and lessons for the future /
_cedited by Anthony Richards, Peter Fussey and Andrew Silke.
260 _aLondon ;
_aNew York :
_bRoutledge,
_c2011.
300 _axii, 252 p. :
_bill. ;
_c24 cm.
650 0 _aOlympics
_xSecurity measures.
650 0 _aOlympics
_xSecurity measures
_xPlanning.
650 0 _aTerrorism
_xPrevention.
700 1 _aRichards, Anthony.
700 1 _aFussey, Peter.
700 1 _aSilke, Andrew.
906 _a7
_bcbc
_corignew
_d1
_eecip
_f20
_gy-gencatlg
942 _2ddc
_cBK
999 _c14677
_d14677